000
00289nam a22001217a 4500
008
180914b xxu||||| |||| 00| 0 eng d
041
_a
eng
080
_a
616.8
100
_a
8
101
_a
INF
245
_a
Cultural Practicr Infectious Crop Disease
_c
Palti.J
942
_2
udc
_c
BK
999
_c
47749
_d
47749